[Event "4NCL Online Division 2"]
[Site "online"]
[Date "2020.05.05"]
[Round "5.154"]
[White "Vukojevic, Philippe"]
[Black "Woodhouse, Stephen V"]
[Result "1-0"]
[WhiteElo "2038"]
[BlackElo "1862"]
[PlyCount "129"]
[EventDate "2020.05.05"]
[WhiteTeam "ChessPlus Beta"]
[BlackTeam "Wood Green Youth"]

1. e4 e6 2. d4 d5 3. Nc3 dxe4 4. Nxe4 Nd7 5. Nf3 Ngf6 6. Bd3 Nxe4 7. Bxe4 Nf6
8. Bg5 Be7 9. Bxf6 Bxf6 10. Qd3 h6 11. O-O-O O-O 12. h4 c5 13. dxc5 Qa5 14. Qc4
e5 15. Rhe1 Be6 16. Bd5 Bxd5 17. Rxd5 Rac8 18. Red1 e4 19. Nd4 Bxd4 20. R1xd4
Qe1+ 21. Rd1 Qxf2 22. Qxe4 Rxc5 23. Rxc5 Qxc5 24. Qxb7 Qe3+ 25. Kb1 Qe2 26. Qd5
Rc8 27. Qd2 Qc4 28. g3 a5 29. b3 Qc7 30. Qd3 a4 31. c4 axb3 32. axb3 Qe5 33.
Qf3 Qa5 34. Rd7 Qe1+ 35. Rd1 Qa5 36. Rd7 Qe1+ 37. Kc2 Qe6 38. Qd5 Qe2+ 39. Qd2
Qe4+ 40. Qd3 Qg2+ 41. Kc3 Qf2 42. Rd8+ Rxd8 43. Qxd8+ Kh7 44. Qd3+ g6 45. b4
Qa2 46. c5 Qa1+ 47. Kc4 Qa6+ 48. b5 Qa2+ 49. Kb4 Qb2+ 50. Ka5 Qa1+ 51. Kb6 Qe5
52. Qd6 Qe3 53. Kc7 Qa3 54. b6 Qa5 55. Kd7 Qa8 56. c6 Qa4 57. b7 Qa7 58. Ke8
Qe3+ 59. Kxf7 Qf3+ 60. Qf6 Qb3+ 61. Qe6 Qf3+ 62. Ke7 Qxg3 63. Kf8 Qb8+ 64. Qe8
Qf4+ 65. Qf7+ 1-0

[Event "4NCL Online Division 2"]
[Site "online"]
[Date "2020.05.05"]
[Round "5.161"]
[White "Chan, Sheng Liang Bernard"]
[Black "Olehnovics, Andrejs"]
[Result "1/2-1/2"]
[WhiteElo "2102"]
[BlackElo "2035"]
[PlyCount "134"]
[EventDate "2020.05.05"]
[WhiteTeam "Yorkshire Universities"]
[BlackTeam "Oxford 2"]

1. d4 e6 2. Nf3 Nf6 3. Bf4 d5 4. e3 Bd6 5. Bg3 O-O 6. Bd3 c6 7. Be5 h6 8. Nbd2
Qc7 9. c4 Nbd7 10. Bg3 b6 11. Rc1 c5 12. O-O Bxg3 13. hxg3 Bb7 14. cxd5 exd5
15. b4 c4 16. Bb1 Qd6 17. a3 a5 18. e4 dxe4 19. Nxc4 Qe6 20. Nfe5 axb4 21. axb4
Bd5 22. Nxd7 Nxd7 23. Ne3 Rfc8 24. Qd2 b5 25. Nxd5 Qxd5 26. Ba2 Qd6 27. Bb3 Nb6
28. Rc2 Nc4 29. Bxc4 Rxc4 30. Rxc4 bxc4 31. Rc1 Qd5 32. Qc3 Rc8 33. Ra1 Rd8 34.
Rc1 Qxd4 35. Qxc4 Qxc4 36. Rxc4 Rd1+ 37. Kh2 f5 38. g4 Rd2 39. Kg3 Rd3+ 40. Kf4
fxg4 41. Kxe4 Rb3 42. Kd5 g3 43. fxg3 Rxg3 44. Rc2 Rb3 45. Kc5 h5 46. b5 Kf7
47. Re2 Kf6 48. b6 g5 49. Kc6 Kf5 50. b7 Kf4 51. Re8 h4 52. b8=Q+ Rxb8 53. Rxb8
Kg3 54. Rg8 Kxg2 55. Rxg5+ Kf3 56. Rh5 Kg3 57. Rg5+ Kf3 58. Rh5 Kg3 59. Kd5 h3
60. Rg5+ Kf3 61. Rh5 Kg2 62. Rg5+ Kf3 63. Rh5 Kg2 64. Ke4 h2 65. Rg5+ Kf2 66.
Rh5 Kg2 67. Rxh2+ Kxh2 1/2-1/2

[Event "4NCL Online Division 2"]
[Site "online"]
[Date "2020.05.05"]
[Round "5.162"]
[White "Hayward, Philip"]
[Black "Hopkins, Kit W"]
[Result "0-1"]
[WhiteElo "2080"]
[BlackElo "2102"]
[PlyCount "62"]
[EventDate "2020.05.05"]
[WhiteTeam "Oxford 2"]
[BlackTeam "Yorkshire Universities"]

1. c4 e5 2. g3 Nf6 3. Bg2 d5 4. cxd5 Nxd5 5. Nf3 Nc6 6. O-O Nb6 7. Nc3 Be7 8.
a3 a5 9. d3 O-O 10. Be3 Be6 11. Rc1 a4 12. Bxb6 cxb6 13. Nxa4 e4 14. Ne1 Bg5
15. e3 exd3 16. Nf3 Bf6 17. Nc3 Na5 18. Nd2 Qd7 19. Qf3 b5 20. Nde4 Be7 21. Qh5
f5 22. Ng5 Bxg5 23. Qxg5 Nc4 24. e4 Nxb2 25. Rb1 Rxa3 26. Nxb5 Qxb5 27. Qe7 Qb3
28. exf5 Bf7 29. f6 Ra2 30. Qe5 Re8 31. Qd4 Qc4 0-1

[Event "4NCL Online Division 2"]
[Site "online"]
[Date "2020.05.05"]
[Round "5.163"]
[White "Leah, Tom"]
[Black "Wilson, Edgar"]
[Result "0-1"]
[WhiteElo "2065"]
[BlackElo "2012"]
[PlyCount "118"]
[EventDate "2020.05.05"]
[WhiteTeam "Yorkshire Universities"]
[BlackTeam "Oxford 2"]

1. e4 e6 2. d4 d5 3. Nd2 Nf6 4. e5 Nfd7 5. f4 c5 6. c3 Nc6 7. Ndf3 cxd4 8. cxd4
Bb4+ 9. Kf2 Qb6 10. g3 f5 11. a3 Be7 12. b4 a6 13. Bb2 O-O 14. Bd3 Qd8 15. Rc1
Nb6 16. Ne2 Bd7 17. Rg1 Kh8 18. g4 g6 19. gxf5 gxf5 20. Qf1 Rg8 21. Qh3 Qf8 22.
Ng5 Rg7 23. Qh6 Re8 24. Rg3 Bxg5 25. fxg5 Ne7 26. Nf4 Ng8 27. Qh4 Bc6 28. Rh3
Qe7 29. Rg1 Nc4 30. Bc1 a5 31. Qh5 Ra8 32. b5 Bxb5 33. Ng6+ Rxg6 34. Qxg6 Be8
35. Rxh7+ Qxh7 36. Qxe6 Qh4+ 37. Kf1 Qh3+ 38. Ke2 Bh5+ 39. Kf2 Qf3+ 40. Ke1
Qxd3 41. Rg2 Qe4+ 42. Kf2 Qxd4+ 43. Kf1 Qd1+ 44. Kf2 Qxc1 45. Kg3 Re8 46. Qxf5
Qe1+ 47. Rf2 Qg1+ 48. Kh4 Qg4+ 49. Qxg4 Bxg4 50. Kxg4 Nxe5+ 51. Kh5 d4 52. g6
Kg7 53. Kg5 d3 54. h4 d2 55. Rf1 Rd8 56. Rd1 Nh6 57. a4 Nxg6 58. h5 Ne5 59. Kf4
Nc4 0-1

[Event "4NCL Online Division 2"]
[Site "online"]
[Date "2020.05.05"]
[Round "5.164"]
[White "Terry, Sean"]
[Black "Bradey, Joseph B"]
[Result "0-1"]
[WhiteElo "1931"]
[BlackElo "1795"]
[PlyCount "56"]
[EventDate "2020.05.05"]
[WhiteTeam "Oxford 2"]
[BlackTeam "Yorkshire Universities"]

1. d4 Nf6 2. Bf4 c5 3. d5 e6 4. c4 exd5 5. cxd5 d6 6. e4 Be7 7. Nc3 a6 8. a4
O-O 9. Bd3 Re8 10. h3 Bf8 11. Nge2 Nbd7 12. O-O Ne5 13. Bc2 g6 14. b3 Bg7 15.
Qd2 Nh5 16. Bg5 f6 17. Be3 Bxh3 18. f4 Bxg2 19. Kxg2 Ng4 20. Ng3 Nxg3 21. Kxg3
f5 22. Rae1 Bf6 23. Rh1 Qd7 24. exf5 gxf5 25. Bf2 Qg7 26. Rxe8+ Rxe8 27. Bxf5
Ne3+ 28. Kf3 Qg2+ 0-1

[Event "4NCL Online Division 2"]
[Site "online"]
[Date "2020.05.12"]
[Round "6.11"]
[White "Player, Edmund C"]
[Black "Carroll, Peter"]
[Result "1/2-1/2"]
[WhiteElo "2172"]
[BlackElo "2009"]
[PlyCount "110"]
[EventDate "2020.05.12"]
[WhiteTeam "Anglian Avengers 2"]
[BlackTeam "Gonzaga C-ing is Believing"]

1. e4 d6 2. d4 Nf6 3. Nc3 g6 4. Nf3 Bg7 5. Be3 c6 6. h3 O-O 7. Qd2 b5 8. Bd3
Nbd7 9. a4 b4 10. Ne2 a5 11. Ng3 e5 12. c3 bxc3 13. bxc3 Ba6 14. O-O Bxd3 15.
Qxd3 Qc7 16. Rab1 Rfe8 17. Rb2 d5 18. dxe5 dxe4 19. Nxe4 Nxe4 20. Qxe4 Nxe5 21.
Nxe5 Qxe5 22. Qxc6 Qxc3 23. Qxc3 Bxc3 24. Rc2 Bg7 25. Rc4 Rec8 26. Rfc1 Rxc4
27. Rxc4 h5 28. g4 hxg4 29. hxg4 Bf8 30. Bd2 Be7 31. Kg2 Kg7 32. Kf3 Kf6 33.
Re4 Bd6 34. Bc3+ Kg5 35. Rd4 Bb4 36. Bxb4 axb4 37. Rxb4 f5 38. Kg3 Ra6 39. gxf5
gxf5 40. Kf3 Kf6 41. Ke3 Kg5 42. f4+ Kg4 43. Kd3 Kf3 44. Kc4 Ra5 45. Kb3 Ra8
46. Rc4 Rb8+ 47. Rb4 Ra8 48. Rc4 Rb8+ 49. Kc3 Ra8 50. Kb4 Ke3 51. a5 Kd3 52.
Rc5 Ke4 53. Rc4+ Kd3 54. Rc1 Ke3 55. Rc4 Kd3 1/2-1/2

[Event "4NCL Online Division 2"]
[Site "online"]
[Date "2020.05.12"]
[Round "6.12"]
[White "Casey, Eoghan"]
[Black "White, Russell P"]
[Result "0-1"]
[WhiteElo "1954"]
[BlackElo "2117"]
[PlyCount "68"]
[EventDate "2020.05.12"]
[WhiteTeam "Gonzaga C-ing is Believing"]
[BlackTeam "Anglian Avengers 2"]

1. d4 d5 2. Bf4 c6 3. Nd2 Nf6 4. e3 e6 5. Bd3 Nbd7 6. Ngf3 Be7 7. Ne5 Nxe5 8.
dxe5 Nd7 9. Qg4 g6 10. h4 h5 11. Qg3 Nc5 12. Be2 Qb6 13. O-O-O a5 14. Bg5 Bf8
15. Bf6 Rg8 16. Bxh5 Na4 17. Nb3 Nxb2 18. Kxb2 a4 19. e4 axb3 20. axb3 Ba3+ 21.
Kb1 Qa5 22. c3 Bc5 23. Kc1 Bxf2 24. Qd3 Qa1+ 25. Kd2 Ra2+ 26. Qc2 Rxc2+ 27.
Kxc2 Qa2+ 28. Kd3 gxh5 29. Rd2 Qa6+ 30. c4 Bb6 31. Bg5 Qa3 32. Rb1 Qc5 33. cxd5
exd5 34. b4 Qc4# 0-1

[Event "4NCL Online Division 2"]
[Site "online"]
[Date "2020.05.12"]
[Round "6.13"]
[White "Bui, Kyan"]
[Black "Cullen, Ben"]
[Result "1-0"]
[WhiteElo "2057"]
[BlackElo "1894"]
[PlyCount "87"]
[EventDate "2020.05.12"]
[WhiteTeam "Anglian Avengers 2"]
[BlackTeam "Gonzaga C-ing is Believing"]

1. e4 c6 2. d4 d5 3. e5 Bf5 4. Nf3 e6 5. Bd3 Bxd3 6. Qxd3 Nd7 7. O-O Ne7 8.
Nbd2 Nf5 9. Re1 Qb6 10. Nf1 c5 11. c3 Be7 12. Ng3 Nxg3 13. hxg3 h6 14. Be3
O-O-O 15. a4 c4 16. Qc2 h5 17. Reb1 Rdg8 18. b3 Qc7 19. Bg5 f6 20. exf6 gxf6
21. Bf4 Bd6 22. Bxd6 Qxd6 23. bxc4 dxc4 24. Rb4 Qd5 25. Qe2 Kb8 26. Qxc4 Qxc4
27. Rxc4 Nb6 28. Rb4 Nd5 29. Rb3 f5 30. c4 Nf6 31. Rab1 Rh7 32. a5 Ne4 33. c5
h4 34. a6 hxg3 35. Rxb7+ Rxb7 36. Rxb7+ Ka8 37. fxg3 Nxg3 38. Re7 Ne2+ 39. Kf2
Nf4 40. g3 Nh5 41. Ne5 Rc8 42. Nc6 Rxc6 43. Re8+ Rc8 44. Rxc8# 1-0

[Event "4NCL Online Division 2"]
[Site "online"]
[Date "2020.05.12"]
[Round "6.14"]
[White "Moran, Darragh"]
[Black "Kerr, Rowland"]
[Result "0-1"]
[WhiteElo "1868"]
[BlackElo "1802"]
[PlyCount "96"]
[EventDate "2020.05.12"]
[WhiteTeam "Gonzaga C-ing is Believing"]
[BlackTeam "Anglian Avengers 2"]

1. e4 c6 2. Nf3 d5 3. d3 dxe4 4. dxe4 Qxd1+ 5. Kxd1 Nf6 6. Nfd2 e5 7. f3 Bc5 8.
Nc4 Nbd7 9. a4 O-O 10. c3 Re8 11. a5 g6 12. Kc2 Rb8 13. b4 Bf8 14. Be3 b5 15.
axb6 axb6 16. Be2 c5 17. b5 Nh5 18. Rd1 Nf4 19. Bf1 Rb7 20. g3 Ne6 21. Bh3 Ng7
22. Nd6 Bxd6 23. Rxd6 Nf8 24. Ra6 Bxh3 25. Raxb6 Rxb6 26. Rxb6 Nd7 27. Rd6 Rb8
28. g4 Rb7 29. Bxc5 f5 30. Be3 fxe4 31. fxe4 Bxg4 32. c4 Ne8 33. Rd2 Rc7 34.
Na3 Nef6 35. b6 Rb7 36. c5 Bf3 37. Nc4 Bxe4+ 38. Kc1 Bd5 39. Na5 Rb8 40. Rb2
Ra8 41. Rb5 Nb8 42. b7 Ra6 43. c6 Bxc6 44. Nxc6 Rxc6+ 45. Kd2 Nfd7 46. Ba7 Kf7
47. Bxb8 Nxb8 48. Rxe5 Rb6 0-1

[Event "4NCL Online Division 2"]
[Site "online"]
[Date "2020.05.12"]
[Round "6.21"]
[White "Savidge, Daniel"]
[Black "Collopy, Robert"]
[Result "1-0"]
[WhiteElo "2155"]
[BlackElo "2012"]
[PlyCount "93"]
[EventDate "2020.05.12"]
[WhiteTeam "Bristol University A"]
[BlackTeam "St Albans 1"]

1. e4 c5 2. Be2 d6 3. d3 Nc6 4. f4 e6 5. Nf3 Be7 6. O-O Nf6 7. c3 O-O 8. a3 a5
9. a4 Bd7 10. Na3 Ne8 11. Be3 d5 12. Qe1 Qb6 13. Qf2 Nf6 14. Ne5 Rac8 15. Nxd7
Nxd7 16. Bf3 d4 17. Bc1 Qa6 18. Nb5 Na7 19. c4 Nc6 20. Qg3 Nb4 21. Be2 Kh8 22.
f5 Bf6 23. fxe6 fxe6 24. Bf4 e5 25. Bd2 Qe6 26. Bg4 Qe7 27. Qh3 Rcd8 28. Bf5 g6
29. Bxb4 gxf5 30. Bxa5 b6 31. Bd2 fxe4 32. dxe4 Nb8 33. Rf5 Rg8 34. Raf1 Rg6
35. Qf3 Kg7 36. Nc7 Nc6 37. Nd5 Rxd5 38. cxd5 Nd8 39. h4 Bxh4 40. Rxe5 Qf6 41.
Rf5 Qe7 42. e5 c4 43. Rh5 Bg5 44. Bxg5 Rxg5 45. Rxg5+ Qxg5 46. Qf8+ Kg6 47.
Rf6+ 1-0

[Event "4NCL Online Division 2"]
[Site "online"]
[Date "2020.05.12"]
[Round "6.22"]
[White "Gooding, Ian"]
[Black "Gallagher, Ian G"]
[Result "1/2-1/2"]
[WhiteElo "2080"]
[BlackElo "2132"]
[PlyCount "81"]
[EventDate "2020.05.12"]
[WhiteTeam "St Albans 1"]
[BlackTeam "Bristol University A"]

1. e4 d5 2. exd5 Nf6 3. Bb5+ Nbd7 4. Nf3 a6 5. Be2 Nxd5 6. d4 g6 7. c4 N5f6 8.
O-O Bg7 9. Nc3 O-O 10. Be3 Ng4 11. Bg5 h6 12. Bh4 g5 13. Bg3 e5 14. h3 exd4 15.
Nd5 Nge5 16. Nxd4 Nc5 17. Rc1 c6 18. Ne3 Qf6 19. b4 Ne4 20. Nb3 Qe7 21. c5 Be6
22. Qc2 Nxg3 23. fxg3 Rad8 24. Nf5 Bxf5 25. Qxf5 Qd7 26. Qxd7 Rxd7 27. Rcd1
Rfd8 28. Rxd7 Rxd7 29. Rd1 Rxd1+ 30. Bxd1 Nd3 31. Na5 Nxb4 32. Nxb7 Nxa2 33.
Nd8 Bd4+ 34. Kf1 Bxc5 35. Bb3 Nb4 36. Nxf7 Kg7 37. Nd8 Bd6 38. Ke2 Bxg3 39. Ba4
Kf6 40. Nxc6 Nxc6 41. Bxc6 1/2-1/2

[Event "4NCL Online Division 2"]
[Site "online"]
[Date "2020.05.12"]
[Round "6.23"]
[White "Vaughan, Alex"]
[Black "Fraser-Mitchell, Jeremy N"]
[Result "1-0"]
[WhiteElo "1975"]
[BlackElo "2058"]
[PlyCount "53"]
[EventDate "2020.05.12"]
[WhiteTeam "Bristol University A"]
[BlackTeam "St Albans 1"]

1. e4 Nc6 2. d4 d5 3. e5 f6 4. Nf3 Bg4 5. Bb5 e6 6. Nbd2 fxe5 7. h3 Bxf3 8.
Nxf3 exd4 9. O-O Qd6 10. Bxc6+ bxc6 11. Re1 c5 12. b4 Qa6 13. bxc5 Bxc5 14. Ng5
Ne7 15. Nxe6 Bd6 16. Nxg7+ Kd7 17. Bf4 Ng6 18. Bxd6 cxd6 19. Qg4+ Kc6 20. Ne6
Rhg8 21. Nxd4+ Kc5 22. Nb3+ Kc6 23. Qd4 Ne5 24. Rxe5 dxe5 25. Qc5+ Kd7 26.
Qxd5+ Kc7 27. Qf7+ 1-0

[Event "4NCL Online Division 2"]
[Site "online"]
[Date "2020.05.12"]
[Round "6.24"]
[White "Gemmell, John"]
[Black "Prasse, Philipp"]
[Result "0-1"]
[WhiteElo "1930"]
[BlackElo "2005"]
[PlyCount "62"]
[EventDate "2020.05.12"]
[WhiteTeam "St Albans 1"]
[BlackTeam "Bristol University A"]

1. d4 d5 2. Bf4 Nf6 3. e3 c5 4. c3 Nc6 5. Nd2 cxd4 6. exd4 Bf5 7. Ngf3 e6 8.
Nh4 Bg4 9. Qb3 Qd7 10. h3 Bh5 11. g4 Bg6 12. Nxg6 hxg6 13. Bg2 Bd6 14. Bg3 Bxg3
15. fxg3 Qc7 16. O-O O-O 17. Kh2 b5 18. Qxb5 Rab8 19. Qd3 Rxb2 20. Rfb1 Rfb8
21. Nb3 Rxb1 22. Rxb1 Nd7 23. Rc1 Na5 24. Nxa5 Qxa5 25. c4 Qxa2 26. Rc2 dxc4
27. Rxc4 Rb2 28. Rc8+ Kh7 29. Qf3 Nb6 30. Rc3 Nd5 31. Ra3 Rxg2+ 0-1

[Event "4NCL Online Division 2"]
[Site "online"]
[Date "2020.05.12"]
[Round "6.31"]
[White "Sedykh, Mikhail"]
[Black "Martin, Lewis"]
[Result "1/2-1/2"]
[WhiteElo "2215"]
[BlackElo "2275"]
[PlyCount "62"]
[EventDate "2020.05.12"]
[WhiteTeam "Catford Cosmonauts 1"]
[BlackTeam "Downend 1"]

1. d4 d5 2. c4 c6 3. Nc3 dxc4 4. e3 b5 5. a4 b4 6. Ne4 Bf5 7. Ng3 Bg6 8. Bxc4
e6 9. Nf3 Nf6 10. Qe2 Nbd7 11. O-O Be7 12. e4 O-O 13. Rd1 Re8 14. Ne5 Qc7 15.
f4 c5 16. f5 exf5 17. exf5 cxd4 18. Nxd7 Nxd7 19. fxg6 hxg6 20. Qf1 Ne5 21. Bf4
Bd6 22. Bxe5 Bxe5 23. Bd5 Rad8 24. Rac1 Qe7 25. Qf3 Bxg3 26. hxg3 Rxd5 27. Qxd5
Qe3+ 28. Kh2 Qh6+ 29. Kg1 Qe3+ 30. Kh2 Qh6+ 31. Kg1 Qe3+ 1/2-1/2

[Event "4NCL Online Division 2"]
[Site "online"]
[Date "2020.05.12"]
[Round "6.32"]
[White "Savory, Richard J"]
[Black "Orlovska, Madara"]
[Result "1/2-1/2"]
[WhiteElo "2132"]
[BlackElo "2110"]
[PlyCount "28"]
[EventDate "2020.05.12"]
[WhiteTeam "Downend 1"]
[BlackTeam "Catford Cosmonauts 1"]

1. e4 c5 2. Nc3 Nc6 3. g3 g6 4. Bg2 Bg7 5. d3 d6 6. f4 f5 7. Nf3 Nf6 8. O-O O-O
9. Be3 Ng4 10. Bd2 Qb6 11. Na4 Qa6 12. Nc3 Qb6 13. Na4 Qa6 14. Nc3 Qb6 1/2-1/2

[Event "4NCL Online Division 2"]
[Site "online"]
[Date "2020.05.12"]
[Round "6.33"]
[White "Vidruska, Renate"]
[Black "Thompson, Robert"]
[Result "1/2-1/2"]
[WhiteElo "2045"]
[BlackElo "1985"]
[PlyCount "61"]
[EventDate "2020.05.12"]
[WhiteTeam "Catford Cosmonauts 1"]
[BlackTeam "Downend 1"]

1. e4 d6 2. d4 Nf6 3. Nc3 e5 4. dxe5 dxe5 5. Qxd8+ Kxd8 6. Bg5 Be6 7. O-O-O+
Bd6 8. f4 Ke8 9. Nf3 Ng4 10. fxe5 Nxe5 11. Nxe5 f6 12. Bxf6 gxf6 13. Nc4 Bf4+
14. Kb1 c6 15. Be2 Ke7 16. g3 Bc7 17. a4 Nd7 18. b3 Ne5 19. Nxe5 Bxe5 20. Na2
h5 21. Rhg1 Rag8 22. Nb4 Bg4 23. Bxg4 Rxg4 24. Nd3 Bd4 25. Rge1 h4 26. e5 hxg3
27. hxg3 Rxg3 28. exf6+ Kxf6 29. Re4 Rg1 30. Rxg1 Bxg1 31. Kb2 1/2-1/2

[Event "4NCL Online Division 2"]
[Site "online"]
[Date "2020.05.12"]
[Round "6.34"]
[White "Conterno, Dominique"]
[Black "Roberts, Mike"]
[Result "1/2-1/2"]
[WhiteElo "1907"]
[BlackElo "2027"]
[PlyCount "49"]
[EventDate "2020.05.12"]
[WhiteTeam "Downend 1"]
[BlackTeam "Catford Cosmonauts 1"]

1. e4 d5 2. exd5 Nf6 3. d4 Bg4 4. Be2 Bxe2 5. Qxe2 Qxd5 6. Nf3 e6 7. O-O Nc6 8.
Nc3 Qh5 9. d5 Nxd5 10. Nxd5 Qxd5 11. Rd1 Qf5 12. Be3 Bd6 13. Nd4 Nxd4 14. Bxd4
O-O 15. Bc3 Rad8 16. Rd3 e5 17. Rad1 Qe6 18. Qe4 b6 19. a3 f5 20. Qd5 Rfe8 21.
Bxe5 Qxd5 22. Rxd5 Re6 23. f4 Kf7 24. Kf2 g6 25. Bxd6 1/2-1/2

[Event "4NCL Online Division 2"]
[Site "online"]
[Date "2020.05.12"]
[Round "6.41"]
[White "Barrish, Daniel"]
[Black "Gogia, Armaan"]
[Result "1-0"]
[WhiteElo "2306"]
[BlackElo "1990"]
[PlyCount "109"]
[EventDate "2020.05.12"]
[WhiteTeam "Chessable White Rose 2"]
[BlackTeam "Ashfield Anonymous A"]

1. d4 Nf6 2. c4 g6 3. f3 Bg7 4. e4 d6 5. Ne2 O-O 6. Nbc3 c5 7. Be3 Nc6 8. d5
Ne5 9. Ng3 e6 10. Be2 exd5 11. cxd5 a6 12. a4 h5 13. O-O Nh7 14. Qd2 h4 15. Nh1
f5 16. Nf2 Re8 17. Rae1 Bd7 18. exf5 Bxf5 19. g4 hxg3 20. hxg3 Qd7 21. g4 Bd3
22. Nfd1 Bxe2 23. Qxe2 c4 24. Nf2 b5 25. f4 Nf7 26. Qc2 Nf8 27. a5 Nh6 28. Qd1
b4 29. Na4 Rad8 30. Nb6 Qb5 31. Bd4 Bxd4 32. Qxd4 Qxa5 33. Nxc4 Qc5 34. Qxc5
dxc5 35. Rxe8 Rxe8 36. Ne5 Rd8 37. Ne4 Kg7 38. Rd1 Nd7 39. Ng5 Nf8 40. d6 c4
41. d7 c3 42. bxc3 bxc3 43. Rc1 Nxg4 44. Nxg4 Rxd7 45. Rxc3 Ra7 46. Ne5 Nh7 47.
Nxh7 Kxh7 48. Kg2 Kg7 49. Kg3 a5 50. Kg4 Ra6 51. Kg5 a4 52. Rc7+ Kg8 53. Nxg6
a3 54. Kh6 Ra7 55. Rxa7 1-0

[Event "4NCL Online Division 2"]
[Site "online"]
[Date "2020.05.12"]
[Round "6.42"]
[White "Combie, Alex B"]
[Black "Gayson, Peter M"]
[Result "0-1"]
[WhiteElo "1990"]
[BlackElo "2150"]
[PlyCount "70"]
[EventDate "2020.05.12"]
[WhiteTeam "Ashfield Anonymous A"]
[BlackTeam "Chessable White Rose 2"]

1. e4 c5 2. Nf3 e6 3. d4 cxd4 4. Nxd4 Nf6 5. Nc3 Nc6 6. Ndb5 Bc5 7. Nd6+ Ke7 8.
Bf4 e5 9. Nxc8+ Rxc8 10. Bg5 Bb4 11. Qf3 Nd4 12. Bxf6+ gxf6 13. Qd3 Qa5 14. Kd2
Rc7 15. a3 Bxc3+ 16. bxc3 Rhc8 17. Kd1 Rxc3 18. Qd2 Nxc2 19. Rc1 Qxa3 20. Bb5
Ne3+ 21. Ke2 Rc2 22. fxe3 Rxd2+ 23. Kf3 Rxc1 24. Rxc1 Qxc1 25. Be2 Rxe2 26.
Kxe2 Qc2+ 27. Kf3 a5 28. h3 a4 29. g4 a3 30. h4 a2 31. g5 fxg5 32. hxg5 a1=Q
33. g6 Qf1+ 34. Kg4 Qcg2+ 35. Kh4 Qfh1# 0-1

[Event "4NCL Online Division 2"]
[Site "online"]
[Date "2020.05.12"]
[Round "6.43"]
[White "Edwards-Wright, Miles D"]
[Black "Truman, Richard G"]
[Result "1-0"]
[WhiteElo "1915"]
[BlackElo "1990"]
[PlyCount "61"]
[EventDate "2020.05.12"]
[WhiteTeam "Chessable White Rose 2"]
[BlackTeam "Ashfield Anonymous A"]

1. e4 e5 2. Nf3 Nc6 3. Bb5 a6 4. Bxc6 dxc6 5. O-O Qf6 6. d4 Bg4 7. dxe5 Bxf3 8.
exf6 Bxd1 9. fxg7 Bxg7 10. Rxd1 Ne7 11. Nc3 Ng6 12. Be3 O-O 13. Rab1 b6 14. Ne2
Rfe8 15. Ng3 Be5 16. Nf5 Rad8 17. c3 c5 18. f3 Bf6 19. Kf2 Ne5 20. f4 Nc6 21.
e5 Be7 22. g4 Bf8 23. Kf3 Ne7 24. Ke4 Nxf5 25. gxf5 c4 26. Rxd8 Rxd8 27. Rg1+
Kh8 28. f6 Rd3 29. e6 fxe6 30. f7 Bg7 31. Bd4 1-0

[Event "4NCL Online Division 2"]
[Site "online"]
[Date "2020.05.12"]
[Round "6.44"]
[White "Garnett, John S"]
[Black "Parkhouse, Max"]
[Result "0-1"]
[WhiteElo "1982"]
[BlackElo "1832"]
[PlyCount "64"]
[EventDate "2020.05.12"]
[WhiteTeam "Ashfield Anonymous A"]
[BlackTeam "Chessable White Rose 2"]

1. c4 e6 2. g3 d5 3. Bg2 Nf6 4. Nf3 Be7 5. O-O O-O 6. b3 c6 7. Bb2 Nbd7 8. d3
b6 9. Nbd2 Bb7 10. e3 Nc5 11. d4 Nce4 12. Qe2 Rc8 13. Rac1 Re8 14. Rfd1 Bb4 15.
Nxe4 Nxe4 16. Ne5 f5 17. f3 Nf6 18. Nd3 Be7 19. Nf2 h6 20. e4 fxe4 21. fxe4 Ba6
22. exd5 exd5 23. Qc2 Bb4 24. Nd3 Bf8 25. Ne5 Bb7 26. Qg6 Rc7 27. Rf1 Rxe5 28.
dxe5 Nh7 29. e6 dxc4 30. Be4 Ng5 31. Bb1 c5 32. Rcd1 Nh3# 0-1

[Event "4NCL Online Division 2"]
[Site "online"]
[Date "2020.05.12"]
[Round "6.51"]
[White "Ni, Viktorija"]
[Black "MacQueen, Stuart"]
[Result "1-0"]
[WhiteElo "2215"]
[BlackElo "2095"]
[PlyCount "75"]
[EventDate "2020.05.12"]
[WhiteTeam "ChessPlus Beta"]
[BlackTeam "Schach Attack"]

1. d4 d5 2. c4 e6 3. Nf3 Nf6 4. g3 Be7 5. Bg2 O-O 6. O-O c6 7. b3 Ne4 8. Bb2
Nd7 9. Nbd2 Ndf6 10. Qc2 a5 11. a3 Qc7 12. Rac1 Rd8 13. Nxe4 Nxe4 14. Ne5 f5
15. f3 Nf6 16. c5 Bd7 17. e4 fxe4 18. fxe4 Rf8 19. Nxd7 Qxd7 20. e5 Ne4 21.
Bxe4 dxe4 22. Qxe4 Rad8 23. h4 Qd5 24. Qxd5 Rxd5 25. Rxf8+ Bxf8 26. Rc4 Be7 27.
Bc3 Bd8 28. Kf2 Kf7 29. Ke3 Ke7 30. Ke4 Ke8 31. Bd2 h6 32. Bc3 Ke7 33. Ra4 b6
34. cxb6 Bxb6 35. b4 Ba7 36. Rxa5 Rxa5 37. bxa5 h5 38. Bb4+ 1-0

[Event "4NCL Online Division 2"]
[Site "online"]
[Date "2020.05.12"]
[Round "6.52"]
[White "Alizada, Eldar"]
[Black "Agafonov, Yuri Dr"]
[Result "1/2-1/2"]
[WhiteElo "2057"]
[BlackElo "2106"]
[PlyCount "150"]
[EventDate "2020.05.12"]
[WhiteTeam "Schach Attack"]
[BlackTeam "ChessPlus Beta"]

1. d4 c5 2. d5 e5 3. c4 d6 4. e4 Be7 5. Nc3 Na6 6. Be3 Bg5 7. Bxg5 Qxg5 8. Nf3
Qe7 9. Qd2 Bd7 10. Bd3 Nf6 11. h3 O-O 12. g4 Nc7 13. Nh2 a6 14. a4 Rfb8 15. O-O
b6 16. f4 exf4 17. Qxf4 Be8 18. Rae1 Nd7 19. Nf3 Ne5 20. Nxe5 dxe5 21. Qe3 Bd7
22. Rf2 Ne8 23. Ref1 Nd6 24. Kg2 Rc8 25. b3 Rab8 26. Kg3 h6 27. h4 f6 28. Be2
b5 29. axb5 axb5 30. cxb5 Bxb5 31. Nxb5 Nxb5 32. Bxb5 Rxb5 33. Rc2 Rb4 34. Rfc1
Rd4 35. Rc4 h5 36. b4 Qd7 37. gxh5 f5 38. exf5 Qxf5 39. Rxd4 exd4 40. Qe6+ Qxe6
41. dxe6 c4 42. Kf3 Kf8 43. Ke4 d3 44. Kd4 Ke7 45. Kc3 Kxe6 46. Rg1 Rd8 47.
Kxc4 d2 48. Rd1 Rc8+ 49. Kd3 Rd8+ 50. Ke2 Rd4 51. Rxd2 Rxb4 52. Ra2 Rxh4 53.
Ra5 Rf4 54. Ke3 Rf5 55. Ra6+ Kf7 56. h6 g6 57. Ra7+ Kf6 58. h7 Rh5 59. Kf4 g5+
60. Kg4 Rh4+ 61. Kg3 Kg6 62. Rb7 Rxh7 63. Rxh7 Kxh7 64. Kg4 Kg6 65. Kg3 Kf5 66.
Kf3 g4+ 67. Kg3 Kg5 68. Kg2 Kf4 69. Kf2 g3+ 70. Kg2 Kg4 71. Kg1 Kf4 72. Kg2 Kg4
73. Kg1 Kh3 74. Kh1 g2+ 75. Kg1 Kg3 1/2-1/2

[Event "4NCL Online Division 2"]
[Site "online"]
[Date "2020.05.12"]
[Round "6.53"]
[White "Vukojevic, Philippe"]
[Black "Moyse, Nigel John"]
[Result "1-0"]
[WhiteElo "2038"]
[BlackElo "2035"]
[PlyCount "131"]
[EventDate "2020.05.12"]
[WhiteTeam "ChessPlus Beta"]
[BlackTeam "Schach Attack"]

1. e4 d6 2. d4 Nf6 3. Nc3 g6 4. f4 Bg7 5. Nf3 c5 6. dxc5 Qa5 7. Qd4 Nc6 8. Bb5
Qxb5 9. Qxf6 Bxf6 10. Nxb5 O-O 11. cxd6 exd6 12. Nxd6 Nb4 13. Kd1 Rd8 14. e5
Be7 15. Bd2 Bxd6 16. exd6 Rxd6 17. Kc1 Nc6 18. Bc3 f6 19. Rd1 Rxd1+ 20. Kxd1
Kf7 21. Ke2 Bf5 22. Rc1 Rd8 23. h3 h5 24. b3 Rd7 25. a3 Ne7 26. Bd2 Be4 27. Be3
a6 28. g4 Rc7 29. c4 Rd7 30. Rc3 Nc6 31. b4 Ne7 32. a4 Rc7 33. Nd2 Bg2 34. Bc5
hxg4 35. hxg4 Bc6 36. a5 Bd7 37. Kf3 Nc6 38. Rd3 Be8 39. Ne4 Rd7 40. Rxd7+ Bxd7
41. Nd6+ Ke6 42. Nxb7 f5 43. gxf5+ gxf5 44. b5 Nb8 45. Bd6 axb5 46. Bxb8 Bc6+
47. Ke3 Bxb7 48. cxb5 Kd5 49. a6 Bc8 50. a7 Bb7 51. b6 Ba8 52. Kd3 Bb7 53. Kc3
Ba8 54. Kb4 Bb7 55. Kb5 Ba8 56. Ka6 Kc6 57. Be5 Bb7+ 58. Ka5 Ba8 59. Bd4 Bb7
60. Kb4 Kd5 61. Bc5 Ba8 62. Kb5 Bb7 63. Bf8 Ke4 64. Kc5 Kxf4 65. Kd6 Ke4 66.
Kc7 1-0